000 00411nam a2200157Ia 4500
008 230917s9999||||xx |||||||||||||| ||und||
040 _e67902
_aMAIN
041 _aEnglish
082 _a519.5 G643O
100 _aGoon, A M
245 3 _aAn outline of statistical theory, v2- statistical inference
250 _a2nd ed.
260 _aCalcutta
_bThe World Press
_c1991
300 _axvi, 545 p.
942 _cBK
999 _c232299
_d232299